书目信息 |
| 题名: |
橡胶沥青路面技术应用手册
|
|
| 作者: | 陈舜明 , 张广春 , 孙祖望, , 金年喜 主编 | |
| 分册: | ||
| 出版信息: | 北京 人民交通出版社 2014.02 |
|
| 页数: | 408页 | |
| 开本: | 26cm | |
| 丛书名: | ||
| 单 册: | ||
| 中图分类: | U416.217 | |
| 科图分类: | ||
| 主题词: | 橡胶沥青--xiang jiao li qing--沥青路面--技术手册 | |
| 电子资源: | ||
| ISBN: | 978-7-114-09814-7 | |
| 000 | 01219nam0 2200313 450 | |
| 001 | CAL 007144668 | |
| 005 | 20150814110042.70 | |
| 010 | @a978-7-114-09814-7@dCNY88.00 | |
| 100 | @a20140628d2014 em y0chiy50 ea | |
| 101 | 0 | @achi |
| 102 | @aCN@b110000 | |
| 105 | @aa a 000yy | |
| 106 | @ar | |
| 200 | 1 | @a橡胶沥青路面技术应用手册@Axiang jiao li qing lu mian ji shu ying yong shou ce@d= Rubberized asphalt pavement technology usage handbook@f孙祖望 ... [等] 主编@zeng |
| 210 | @a北京@c人民交通出版社@d2014.02 | |
| 215 | @a408页@c图@d26cm | |
| 304 | @a题名页题其余责任者: 陈舜明, 张广春, 金年喜 | |
| 320 | @a有书目 | |
| 330 | @a本书共分五篇, 主要内容包括: 导论、橡胶沥青结合料、橡胶沥青在热拌沥青混合料路面中的应用、橡胶沥青在喷洒型封层领域中的应用、橡胶沥青新技术。 | |
| 510 | 1 | @aRubberized asphalt pavement technology usage handbook@zeng |
| 586 | @a | |
| 606 | 0 | @a橡胶沥青@Axiang jiao li qing@x沥青路面@j技术手册 |
| 690 | @aU416.217@v5 | |
| 701 | @a陈舜明@Achen shun ming@4主编 | |
| 701 | @a张广春@Azhang guang chun@4主编 | |
| 701 | 0 | @a孙祖望,@Asun zu wang@f1933-@4主编 |
| 701 | @a金年喜@Ajin nian xi@4主编 | |
| 801 | 0 | @aCN@c20150820 |
| 905 | @a河南城建学院图书馆@dU416.217@eS980@f3 | |
| 橡胶沥青路面技术应用手册= Rubberized asphalt pavement technology usage handbook/孙祖望 ... [等] 主编.-北京:人民交通出版社,2014.02 |
| 408页:图;26cm |
| ISBN 978-7-114-09814-7:CNY88.00 |
| 本书共分五篇, 主要内容包括: 导论、橡胶沥青结合料、橡胶沥青在热拌沥青混合料路面中的应用、橡胶沥青在喷洒型封层领域中的应用、橡胶沥青新技术。 |
| ● |
| 相关链接 |
|
|
|
正题名:橡胶沥青路面技术应用手册
索取号:U416.217/S980
 
预约/预借
| 序号 | 登录号 | 条形码 | 馆藏地/架位号 | 状态 | 备注 |
| 1 | 1164443 | 211644434 | 自科库501/501自科库 53排3列2层/ [索取号:U416.217/S980] | 在馆 | |
| 2 | 1164444 | 211644443 | 自科库501/501自科库 53排3列2层/ [索取号:U416.217/S980] | 在馆 | |
| 3 | 1164445 | 211644452 | 自科库501/501自科库 53排3列2层/ [索取号:U416.217/S980] | 在馆 |